[Event "Huaian IMSA blitz 2nd"]
[Site "Huaian"]
[Date "2017.12.12"]
[Round "8.3"]
[White "Mamedov, Rauf"]
[Black "Korobov, Anton"]
[Result "1-0"]
[WhiteElo "2709"]
[BlackElo "2652"]
[PlyCount "84"]
[EventDate "2017.12.12"]
[EventType "tourn (blitz)"]
[EventRounds "22"]
[EventCountry "CHN"]
[EventCategory "20"]
[SourceTitle "CBM 182"]
[Source "ChessBase"]
[SourceDate "2018.01.17"]
[SourceVersion "1"]
[SourceVersionDate "2018.01.17"]
[SourceQuality "1"]

1. g3 d5 2. Bg2 g6 3. d3 Bg7 4. Nd2 e5 5. e4 Ne7 6. exd5 Nxd5 7. Ngf3 O-O 8. O-O Nc6 9. Re1 h6 10. a3 a5 11. Rb1 Kh7 $146 ({RR} 11... a4 12. Ne4 Re8 13. c4 Nb6 14. Be3 Bf5 15. Nh4 Bc8 16. Nc3 g5 17. Nf3 Bf5 18. Bxb6 cxb6 19. Re3 Bf8 20. Nxa4 e4 21. dxe4 Qxd1+ 22. Rxd1 Rxa4 23. exf5 Rxe3 24. fxe3 Rxc4 25. Kf2 Kg7 26. Bf1 {Mamedov,R (2656)-Asadli,V (2579) Baku 2021 1-0 (68)}) ({RR} 11... a4 12. Ne4 Re8 13. c4 Nb6 14. Be3 Bf5 15. Nh4 Bc8 16. Nc3 g5 17. Nf3 Bf5 18. Bxb6 cxb6 19. Re3 Bf8 20. Nxa4 e4 21. dxe4 Qxd1+ 22. Rxd1 Rxa4 23. exf5 Rxe3 24. fxe3 Rxc4 25. Kf2 Kg7 26. Bf1 {Mamedov,R (2656)-Asadli,V (2579) Baku 2021 1-0 (68)}) 12. c4 Nde7 13. b4 axb4 14. axb4 Qxd3 15. b5 Nd4 16. Nxe5 Qc2 17. Bb2 Qxd1 18. Rbxd1 Nc2 19. Re2 Ra2 20. Bc3 Nf5 21. Nb3 Nce3 22. Rxa2 Nxd1 23. Ba1 Re8 24. Nd3 Nc3 25. Ra8 Nd6 26. Nd2 Bf5 27. Rxe8 Nxe8 28. Bxc3 Bxc3 29. Ne4 Bd4 30. Kf1 Nd6 31. f3 Nxe4 32. fxe4 Be6 33. c5 Bc4 34. Ke2 Bxb5 35. Kd2 c6 36. e5 Kg7 37. Be4 h5 38. e6 fxe6 39. Nf4 Bxc5 40. Nxe6+ Kf6 41. Nxc5 Ke5 42. Bxg6 Kd5 1-0

[Event "Huaian IMSA blitz 2nd"]
[Site "Huaian"]
[Date "2017.12.12"]
[Round "9.2"]
[White "Grischuk, Alexander"]
[Black "Ding, Liren"]
[Result "1-0"]
[WhiteElo "2772"]
[BlackElo "2777"]
[PlyCount "87"]
[EventDate "2017.12.12"]
[EventType "tourn (blitz)"]
[EventRounds "22"]
[EventCountry "CHN"]
[EventCategory "20"]
[SourceTitle "CBM 182"]
[Source "ChessBase"]
[SourceDate "2018.01.17"]
[SourceVersion "1"]
[SourceVersionDate "2018.01.17"]
[SourceQuality "1"]

1. Nf3 d5 2. b3 Bf5 3. Bb2 e6 4. g3 Nf6 5. Nh4 Be4 6. f3 Bg6 7. Bg2 ({RR} 7. Nxg6 hxg6 8. e3 Bd6 9. f4 Qe7 10. d4 c5 11. Nd2 Nc6 12. c3 Rc8 13. Bg2 b5 14. a3 a5 15. O-O b4 16. axb4 axb4 17. c4 cxd4 18. exd4 O-O 19. c5 Bc7 20. Qe2 Nd7 21. Nf3 Na5 {Nakamura,H (2795)-Bachmann,A (2582) chess.com INT 2024 1-0 (55)}) 7... c5 8. Nxg6 $146 ({RR} 8. O-O Nc6 9. e4 dxe4 10. Nxg6 hxg6 11. fxe4 c4 12. Kh1 e5 13. bxc4 Bc5 14. Nc3 Qd6 15. Nd5 O-O-O 16. Qf3 Qe6 17. h4 g5 18. Qf5 gxh4 19. g4 h3 20. Bf3 Qxf5 21. gxf5 Rh4 22. d3 Nd4 {Keinanen,T (2462)-Vogel,R (2456) Chess.com INT 2020 1-0 (63)}) ({RR} 8. O-O Nc6 9. e4 dxe4 10. Nxg6 hxg6 11. fxe4 c4 12. Kh1 e5 13. bxc4 Bc5 14. Nc3 Qd6 15. Nd5 O-O-O 16. Qf3 Qe6 17. h4 g5 18. Qf5 gxh4 19. g4 h3 20. Bf3 Qxf5 21. gxf5 Rh4 22. d3 Nd4 {Keinanen,T (2462)-Vogel,R (2456) Chess.com INT 2020 1-0 (63)}) 8... hxg6 9. e4 Nc6 10. e5 Nd7 11. f4 g5 12. f5 Ndxe5 13. fxe6 fxe6 14. Qe2 Bd6 15. Na3 a6 16. O-O-O Nd4 17. Qe1 Qe7 18. Nb1 O-O-O 19. Nc3 Kb8 20. Kb1 g4 21. Na4 Nef3 22. Qe3 b5 23. Nc3 Qg5 24. Qxg5 Nxg5 25. a4 b4 26. Na2 Ngf3 27. Nc1 Rxh2 28. Rxh2 Nxh2 29. Nd3 Nhf3 30. Nf2 Bxg3 31. Nxg4 g5 32. c3 Nh4 33. cxd4 Nxg2 34. Rg1 cxd4 35. Rxg2 Bf4 36. Bxd4 Kc7 37. Be5+ Bxe5 38. Nxe5 Rg8 39. d4 Rg7 40. Kc2 a5 41. Kd2 Kd6 42. Rxg5 Rxg5 43. Nf7+ Ke7 44. Nxg5 1-0

[Event "Huaian IMSA blitz 2nd"]
[Site "Huaian"]
[Date "2017.12.13"]
[Round "21"]
[White "Mamedyarov, Shakhriyar"]
[Black "Yu, Yangyi"]
[Result "1-0"]
[WhiteElo "2799"]
[BlackElo "2751"]
[PlyCount "133"]
[EventDate "2017.12.12"]
[EventType "tourn (blitz)"]
[EventRounds "22"]
[EventCountry "CHN"]
[EventCategory "20"]
[SourceTitle "CBM 182 Extra"]
[Source "ChessBase"]
[SourceDate "2018.02.23"]
[SourceVersion "1"]
[SourceVersionDate "2018.02.23"]
[SourceQuality "1"]

1. Nf3 c5 2. g3 Nc6 3. Bg2 g6 4. c3 e5 5. d4 cxd4 6. cxd4 e4 7. Nfd2 $146 ({RR} 7. Ne5 d5 8. Qa4 Bg7 9. Nxc6 Qd7 10. Nc3 bxc6 11. b3 Ne7 12. Ba3 Nf5 13. e3 h5 14. h4 Bf8 15. Bh3 Bxa3 16. Qxa3 Qd6 17. Qxd6 Nxd6 18. Bf1 Bg4 19. Rc1 f6 20. Kd2 Rh7 21. Rc2 Bf3 {Romanishin,O (2580)-Velimirovic,D (2500) Sarajevo 1984 ½-½ (33)}) ({RR} 7. Ne5 d5 8. Nxc6 bxc6 9. Nc3 Bg7 10. O-O Ne7 11. Na4 Nf5 12. e3 h5 13. Qc2 Bd7 14. Bd2 h4 15. Rfc1 hxg3 16. hxg3 Kf8 17. Nc5 Be8 18. Qb3 Kg8 19. Rc2 Bf8 20. Rac1 Qg5 21. Qb7 Rd8 {Ivanchuk,V (2710)-Gelfand,B (2703) Jerusalem 2018 1-0 (40)}) ({RR} 7. Ne5 d5 8. Nc3 Bg7 9. O-O Nge7 10. Nxc6 bxc6 11. Na4 h5 12. Bg5 h4 13. Rc1 f6 14. Bd2 Rb8 15. b3 g5 16. f3 hxg3 17. hxg3 Qd6 18. Qe1 Nf5 19. fxe4 dxe4 20. e3 Nxg3 21. Rxc6 Ne2+ {Babula,V (2492)-Neugebauer,M (2509) Slovakia SVK 2025 ½-½ (36)}) ({RR} 7. Ne5 d5 8. Nxc6 bxc6 9. Nc3 Bg7 10. O-O Ne7 11. Bg5 h6 12. Bxe7 Qxe7 13. e3 h5 14. Qa4 Bd7 15. b4 O-O 16. Qa5 Rfb8 17. b5 Be6 18. bxc6 Qb4 19. Qxb4 Rxb4 20. Rfc1 Rc8 21. Rab1 Rc4 {Zhao,Y (2448)-Wen,Y (2586) Changsha 2019 ½-½}) 7... d5 8. f3 exf3 9. Nxf3 Bg7 10. Nc3 Bg4 11. Ne5 Nxe5 12. dxe5 Ne7 13. Bg5 h6 14. Bf6 O-O 15. Nxd5 Nxd5 16. Bxd8 Ne3 17. Be7 Nxd1 18. Bxf8 Rxf8 19. Rxd1 Bxe5 20. Rd2 Be6 21. a3 b6 22. Kf2 Rc8 23. Rhd1 Kg7 24. Bd5 Bxd5 25. Rxd5 Bxb2 26. R1d3 Rc7 27. Rd7 Rxd7 28. Rxd7 Bxa3 29. Rxa7 Bc5+ 30. Kf3 h5 31. Ke4 Kf6 32. Kd5 Bg1 33. h3 Bf2 34. g4 hxg4 35. hxg4 Be3 36. Ra3 Bc5 37. Rf3+ Ke7 38. e4 Kf8 39. e5 Kg7 40. Rf1 Bb4 41. Ra1 Kg8 42. Ra7 Bc5 43. Rc7 Ba3 44. Rc6 Bc5 45. Rc8+ Kg7 46. Rc7 Kg8 47. Rb7 Be3 48. Rd7 Bc1 49. Rd6 b5 50. Rb6 Kg7 51. Rxb5 Bg5 52. Rb7 Kg8 53. Rb8+ Kg7 54. Ra8 Bh4 55. Ra7 Kf8 56. Kd6 Bg5 57. Kd7 Bh4 58. Ra8+ Kg7 59. Ke8 Bg3 60. Ra5 Bf4 61. Rb5 Bg3 62. Ke7 Bh4+ 63. Kd7 Kf8 64. e6 fxe6 65. Kxe6 Kg7 66. g5 Bg3 67. Rb7+ 1-0

[Event "Titled Tuesday intern op 12th Dec"]
[Site "Chess.com INT"]
[Date "2017.12.12"]
[Round "6"]
[White "Sadorra, Julio Catalino"]
[Black "Alekseenko, Kirill"]
[Result "1-0"]
[WhiteElo "2539"]
[BlackElo "2590"]
[PlyCount "55"]
[EventDate "2017.12.12"]
[EventType "swiss (blitz)"]
[EventRounds "10"]
[EventCountry "USA"]
[SourceTitle "EXT 2021"]
[Source "ChessBase"]
[SourceDate "2020.10.23"]
[SourceVersion "1"]
[SourceVersionDate "2020.10.23"]
[SourceQuality "1"]

1. Nf3 d5 2. e3 Bg4 3. c4 dxc4 4. Bxc4 e6 5. Qb3 ({RR} 5. h3 Bh5 6. b3 Nf6 7. Bb2 Nc6 8. Be2 Bd6 9. O-O O-O 10. d4 a6 11. Nbd2 Qe7 12. Nc4 Rad8 13. Rc1 Nb4 14. a3 Nbd5 15. b4 c6 16. Nfd2 Bxe2 17. Qxe2 Bb8 18. Nb3 Ne8 19. Nc5 f5 {Malakhov,V (2642)-Egorov,E (2220) chess.com INT 2024 1-0 (55)}) ({RR} 5. O-O Nf6 6. b3 a6 7. Bb2 Nc6 8. d4 Bd6 9. Nbd2 O-O 10. Be2 Qe7 11. h3 Bh5 12. Ne5 Bxe2 13. Qxe2 Bxe5 14. dxe5 Nd5 15. f4 Rfd8 16. Ne4 Ndb4 17. Rf3 Nd3 18. Bc3 Kh8 19. Rg3 Nc5 {Lobanov,S (2531)-Alekseenko,K (2707) Chess.com INT 2022 1-0 (36)}) 5... Bxf3 6. gxf3 Qc8 7. Nc3 $146 ({RR} 7. f4 Nh6 8. d4 Nd7 9. Nc3 Nb6 10. Be2 Nf5 11. Bd2 Be7 12. d5 exd5 13. Nxd5 Nxd5 14. Qxd5 O-O 15. Bd3 Nd6 16. Bc3 Qe6 17. Rg1 Bf6 18. Bxf6 Qxf6 19. Qh5 g6 20. O-O-O Kh8 21. Qh3 b5 {Kaenel,H (2325)-Pelletier,Y (2285) Switzerland 1993 1-0 (74)}) ({RR} 7. d4 Nf6 8. Rg1 g6 9. f4 Nbd7 10. Nd2 Nb6 11. Be2 a5 12. a3 a4 13. Qd3 Bg7 14. Nf3 O-O 15. Bd2 Nbd5 16. Rc1 Qd8 17. Ne5 c6 18. h4 Qb6 19. Nc4 Qa7 20. h5 Rfd8 21. hxg6 hxg6 {Werner,D (2301)-Zaragatski,I (2334) Budapest 2004 ½-½ (48)}) 7... Nd7 8. f4 Ne7 9. d4 Nf5 10. d5 Nc5 11. Qc2 exd5 12. Nxd5 c6 13. Nc7+ Qxc7 14. Qxf5 Bd6 15. Bd2 O-O 16. Rg1 Rfe8 17. Bc3 Ne6 18. O-O-O Bf8 19. Rg3 b5 20. Bb3 b4 21. Be5 Qe7 22. Rdg1 g6 23. Rxg6+ hxg6 24. Rxg6+ fxg6 25. Qxg6+ Bg7 26. Bxe6+ Kf8 27. Bd6 Rad8 28. Qf7# 1-0

[Event "Titled Tuesday intern op 12th Dec"]
[Site "Chess.com INT"]
[Date "2017.12.12"]
[Round "8"]
[White "Mareco, Sandro"]
[Black "Priyadharshan, Kannappan"]
[Result "1-0"]
[WhiteElo "2633"]
[BlackElo "2510"]
[PlyCount "61"]
[EventDate "2017.12.12"]
[EventType "swiss (blitz)"]
[EventRounds "10"]
[EventCountry "USA"]
[SourceTitle "EXT 2021"]
[Source "ChessBase"]
[SourceDate "2020.10.23"]
[SourceVersion "1"]
[SourceVersionDate "2020.10.23"]
[SourceQuality "1"]

1. Nf3 d5 2. g3 Nd7 3. Bg2 e5 4. O-O e4 ({RR} 4... Bd6 5. d3 c6 6. e4 Ngf6 7. Re1 O-O 8. Nc3 dxe4 9. Nxe4 Nxe4 10. dxe4 Nc5 11. Nh4 g6 12. Qe2 Qe7 13. Nf3 f6 14. Nd2 Be6 15. Nc4 Bc7 16. a4 Nxa4 17. Nxe5 Nc3 18. bxc3 fxe5 19. Be3 {Grischuk,A (2745)-Xiong,J (2692) chess.com INT 2022 0-1 (46)}) 5. Ne1 Ngf6 6. d3 exd3 7. Nxd3 $146 ({RR} 7. cxd3 Bd6 8. Nc3 c6 9. b3 h5 10. h4 Qc7 11. Nf3 Ng4 12. e4 dxe4 13. Nxe4 O-O 14. Bb2 Rd8 15. Qc2 Bf8 16. Neg5 Ndf6 17. Rfe1 Bf5 18. Rad1 Qb6 19. Ne4 Bxe4 20. dxe4 Rxd1 21. Rxd1 Nxe4 {Yurtseven,M (2333)-Willy,S (1994) chess.com INT 2024 1-0 (40)}) ({RR} 7. cxd3 Bd6 8. Nc3 c6 9. b3 h5 10. h4 Qc7 11. Nf3 Ng4 12. e4 dxe4 13. Nxe4 O-O 14. Bb2 Rd8 15. Qc2 Bf8 16. Neg5 Ndf6 17. Rfe1 Bf5 18. Rad1 Qb6 19. Ne4 Bxe4 20. dxe4 Rxd1 21. Rxd1 Nxe4 {Yurtseven,M (2333)-Willy,S (1994) chess.com INT 2024 1-0 (40)}) 7... Be7 8. b3 O-O 9. Bb2 Re8 10. Nd2 c6 11. c4 dxc4 12. Nxc4 Nb6 13. Qc2 Bf5 14. Rfd1 Qc8 15. Rab1 Qe6 16. Na5 Rab8 17. a3 Nbd5 18. b4 Be4 19. Bf1 h5 20. Qd2 h4 21. Rbc1 hxg3 22. hxg3 Qf5 23. Nc4 Qh5 24. f3 Ng4 25. fxg4 Qh1+ 26. Kf2 Qh2+ 27. Ke1 Qxg3+ 28. Nf2 Bh4 29. Bd4 Rbd8 30. Rc3 Ne3 31. Qxe3 1-0

[Event "Titled Tuesday intern op 12th Dec"]
[Site "Chess.com INT"]
[Date "2017.12.12"]
[Round "10"]
[White "Mareco, Sandro"]
[Black "Meskovs, Nikita"]
[Result "1-0"]
[WhiteElo "2633"]
[BlackElo "2538"]
[PlyCount "117"]
[EventDate "2017.12.12"]
[EventType "swiss (blitz)"]
[EventRounds "10"]
[EventCountry "USA"]
[SourceTitle "EXT 2021"]
[Source "ChessBase"]
[SourceDate "2020.10.23"]
[SourceVersion "1"]
[SourceVersionDate "2020.10.23"]
[SourceQuality "1"]

1. Nf3 Nf6 2. g3 d5 3. Bg2 c6 4. O-O Bg4 5. d3 e6 6. Qe1 ({RR} 6. h3 Bxf3 7. Bxf3 Nbd7 8. Bg2 Bc5 9. Nd2 O-O 10. e3 a5 11. c4 a4 12. Qc2 Qe7 13. Nf3 Rfc8 14. Bd2 Bb4 15. Rac1 Bxd2 16. Qxd2 Qd8 17. Rfd1 Qa5 18. Qc2 h6 19. cxd5 exd5 20. Nd4 Re8 {Fressinet,L (2700)-Wojtaszek,R (2727) Huaian 2016 ½-½ (44)}) 6... Nbd7 7. e4 Bc5 ({RR} 7... dxe4 8. dxe4 e5 9. Nbd2 Bc5 10. h3 Bxf3 11. Nxf3 O-O 12. Nh4 a5 13. Kh2 Re8 14. Bd2 Qb6 15. b3 a4 16. b4 Bf8 17. Qe2 g6 18. c4 Qc7 19. a3 Bg7 20. c5 Nf8 21. Bc3 Ne6 22. Nf3 {Aryan,C (2620)-Kobalia,M (2538) chess.com INT 2025 ½-½ (41)}) 8. Nbd2 $146 ({RR} 8. e5 Ng8 9. c3 Bb6 10. h3 Bf5 11. Qe2 h6 12. Na3 a6 13. Nc2 Ne7 14. Kh1 Bh7 15. b4 c5 16. a3 Rc8 17. c4 dxc4 18. dxc4 Qc7 19. Ne3 Nc6 20. Bb2 cxb4 21. Nd5 exd5 22. cxd5 Nc5 {Markovic,M (2459)-Hamitevici,V (2489) Baku 2016 0-1 (51)}) 8... O-O 9. h3 Bxf3 10. Nxf3 a5 11. e5 Ne8 12. Kh2 a4 13. a3 Bb6 14. Nh4 c5 15. c4 Nc7 16. f4 Ba5 17. Qe2 Nb6 18. f5 dxc4 19. dxc4 Qd4 20. Rf4 Qd7 21. f6 g6 22. Be3 Rfd8 23. Bxc5 Qd2 24. Qf1 Ne8 25. Rf2 Qd3 26. Bxb7 Rab8 27. Qxd3 Rxd3 28. Be4 Rb3 29. Rc1 Nd7 30. Bd4 Nc7 31. Bc2 Rxb2 32. Bxb2 Rxb2 33. Nf3 Na6 34. Kg2 Nac5 35. Rd1 Kf8 36. Bxa4 Rb7 37. Bb5 h6 38. Rd6 g5 39. Rf1 Kg8 40. Rfd1 Nf8 41. Nh2 Ng6 42. Ng4 h5 43. Rc6 Bb6 44. Rdd6 Ba7 45. Rd8+ Kh7 46. Rcc8 hxg4 47. hxg4 Nxe5 48. Rg8 Ng6 49. a4 Ne4 50. a5 Nxf6 51. Rgd8 Ne7 52. Ra8 Rc7 53. a6 Kg7 54. Kf3 Bc5 55. Rab8 e5 56. Rb7 e4+ 57. Ke2 Rc8 58. Rxc8 Nxc8 59. Rc7 1-0

[Event "Huaian IMSA Basque 2nd"]
[Site "Huaian"]
[Date "2017.12.14"]
[Round "1.2"]
[White "Ding, Liren"]
[Black "Le, Quang Liem"]
[Result "1-0"]
[WhiteElo "2777"]
[BlackElo "2737"]
[PlyCount "131"]
[EventDate "2017.12.14"]
[EventType "swiss (rapid)"]
[EventRounds "5"]
[EventCountry "CHN"]
[SourceTitle "CBM 182 Extra"]
[Source "ChessBase"]
[SourceDate "2018.02.23"]
[SourceVersion "1"]
[SourceVersionDate "2018.02.23"]
[SourceQuality "1"]

1. Nf3 c5 2. g3 Nc6 3. Bg2 g6 4. c3 Bg7 5. d4 cxd4 6. cxd4 d5 7. Nc3 Nh6 8. O-O Nf5 9. e3 O-O 10. b3 e6 11. Ba3 Re8 12. Rc1 Bd7 $146 ({RR} 12... Bf8 13. Bxf8 Rxf8 14. Re1 Rb8 15. Qd2 Qa5 16. Qb2 Rd8 17. a3 a6 18. h4 h5 19. Na4 Bd7 20. Nc5 Be8 21. Rc3 Qb6 22. Rec1 Nd6 23. Bf1 a5 24. Bd3 Qa7 25. Qe2 Rbc8 26. R3c2 Ne7 27. Ne5 {Mandel,A (2375)-Schrepp,M (2250) Ladenburg 1992 ½-½ (38)}) ({RR} 12... Qa5 13. Bb2 Bd7 14. Qe2 Rec8 15. Rfd1 Nd6 16. Ne1 Ne7 17. Qd2 Qd8 18. Ba3 Be8 19. Rc2 Nef5 20. Nd3 Nb5 21. Nxb5 Bxb5 22. Rdc1 Bxd3 23. Qxd3 Bf8 24. Bxf8 Kxf8 25. Qb5 Nd6 26. Qa4 Rxc2 27. Rxc2 {Schulz,K (2440)-Jell,K Germany 1987 ½-½}) 13. Qe2 Rc8 14. Rfd1 Qa5 15. Qb2 b5 16. Bc5 b4 17. Na4 e5 18. dxe5 Nxe5 19. Nxe5 Bxa4 20. Bd4 Rxc1 21. Rxc1 Nxd4 22. exd4 Bxe5 23. dxe5 Bd7 24. Qd4 Be6 25. Rc2 Qb6 26. Qxb6 axb6 27. f4 d4 28. Kf2 Rd8 29. Be4 Bd5 30. Bxd5 Rxd5 31. Kf3 Kf8 32. Ke4 Rc5 33. Rd2 Ke7 34. g4 Ra5 35. Kxd4 Rc5 36. Ke4 Rc1 37. f5 Re1+ 38. Kd5 gxf5 39. gxf5 f6 40. exf6+ Kxf6 41. Kc4 Re4+ 42. Rd4 Rxd4+ 43. Kxd4 Kxf5 44. Kc4 Kg4 45. Kxb4 Kh3 46. Kb5 Kxh2 47. Kxb6 h5 48. a4 h4 49. a5 h3 50. a6 Kg1 51. a7 h2 52. a8=Q h1=Q 53. Qxh1+ Kxh1 54. b4 Kg2 55. b5 Kf3 56. Kc5 Ke4 57. b6 Ke5 58. b7 Ke6 59. b8=Q Kf5 60. Kd5 Kg4 61. Ke4 Kg5 62. Qf8 Kg6 63. Ke5 Kh7 64. Qf6 Kg8 65. Qe7 Kh8 66. Kf6 1-0

[Event "EU-ch blitz"]
[Site "Katowice"]
[Date "2017.12.15"]
[Round "13"]
[White "Dvirnyy, Danyyil"]
[Black "Batsiashvili, Nino"]
[Result "1-0"]
[WhiteElo "2532"]
[BlackElo "2502"]
[PlyCount "81"]
[EventDate "2017.12.15"]
[EventType "swiss (blitz)"]
[EventRounds "22"]
[EventCountry "POL"]
[SourceTitle "CBM 182 Extra"]
[Source "ChessBase"]
[SourceDate "2018.02.23"]
[SourceVersion "1"]
[SourceVersionDate "2018.02.23"]
[SourceQuality "1"]

1. Nf3 d5 2. g3 Nf6 3. Bg2 c5 4. c4 d4 5. e3 Nc6 6. exd4 cxd4 7. O-O Bf5 ({RR} 7... e5 8. Re1 Bd6 9. d3 O-O 10. Bg5 h6 11. Bxf6 Qxf6 12. Nbd2 Qe7 13. a3 a5 14. Qc2 Bf5 15. Ne4 Bxe4 16. Rxe4 f5 17. Re2 Qf6 18. Nd2 Bc5 19. Nb3 Ba7 20. Rae1 a4 21. Nd2 Bb8 22. Bxc6 {Gutierrez Olivares,D (2354)-Sernecki,F (2344) chess.com INT 2025 1-0 (46)}) 8. Re1 e6 9. d3 h6 10. Na3 $146 ({RR} 10. Qb3 Rb8 11. Na3 Bc5 12. Bf4 Bd6 13. Bxd6 Qxd6 14. Nb5 Qd8 15. Qa3 Bg6 16. Nh4 Bh7 17. Nd6+ Kd7 18. Nxf7 Qf8 19. Bxc6+ Kxc6 20. Rxe6+ Kd7 21. Rd6+ Kc7 22. Qc5# {1-0 (22) Mitter,G (2194)-Bucan,L Feffernitz 2008}) 10... Be7 11. Nc2 a5 12. b3 O-O 13. Bb2 Bc5 14. Ne5 Nxe5 15. Rxe5 Qd6 16. Rxc5 Qxc5 17. Ba3 Qb6 18. Bxf8 Rxf8 19. Qd2 Rd8 20. Re1 Nd7 21. Be4 Bh3 22. Qf4 e5 23. Qh4 Be6 24. Bg2 Qc7 25. Na3 Nc5 26. Nb5 Qb8 27. Bf1 Bf5 28. Rxe5 g5 29. Qxh6 Qxe5 30. Qxg5+ Kh7 31. Qh4+ Kg7 32. Qxd8 Bxd3 33. Bxd3 Nxd3 34. Qxd4 Qxd4 35. Nxd4 Nc1 36. a3 Kf6 37. f4 Nd3 38. Kg2 a4 39. bxa4 Nb2 40. c5 Nxa4 41. c6 1-0

[Event "EU-ch blitz"]
[Site "Katowice"]
[Date "2017.12.15"]
[Round "16"]
[White "Andriasian, Zaven"]
[Black "Piorun, Kacper"]
[Result "1-0"]
[WhiteElo "2585"]
[BlackElo "2651"]
[PlyCount "43"]
[EventDate "2017.12.15"]
[EventType "swiss (blitz)"]
[EventRounds "22"]
[EventCountry "POL"]
[SourceTitle "CBM 182 Extra"]
[Source "ChessBase"]
[SourceDate "2018.02.23"]
[SourceVersion "1"]
[SourceVersionDate "2018.02.23"]
[SourceQuality "1"]

1. e4 e6 2. d3 d5 3. Nd2 Bd6 4. Ngf3 c5 5. g3 Nc6 6. Bg2 Nge7 7. O-O O-O 8. Re1 Qc7 9. Qe2 f6 10. h4 b5 $146 ({RR} 10... Bd7 11. Nf1 Be8 12. Bh3 Bf7 13. exd5 exd5 14. Be6 Ng6 15. Bxf7+ Qxf7 16. N1h2 Rae8 17. Qd1 Nge5 18. Bd2 Qg6 19. Kg2 Kh8 20. Ng1 Nd4 21. Nh3 c4 22. Bc3 Nf5 23. h5 Qf7 24. f4 Nc6 25. dxc4 {Schmoll,H (1958)-Wolkowski,B (2207) Hilden 2004 0-1 (62)}) ({RR} 10... Bd7 11. c3 b5 12. Nf1 d4 13. cxd4 Nxd4 14. Nxd4 cxd4 15. Bd2 e5 16. h5 Qc2 17. Rab1 Be6 18. Rec1 Qa4 19. h6 g6 20. a3 Rac8 21. Kh2 Rc2 22. Bh3 Bf7 23. Kg2 Qb3 24. Nh2 f5 25. exf5 {Pranav,A (2540)-Holt,C (2540) chess.com INT 2024 1-0 (39)}) ({RR} 10... Bd7 11. Nf1 d4 12. h5 e5 13. Nh4 b5 14. g4 a5 15. Ng3 a4 16. g5 fxg5 17. Bxg5 a3 18. b3 Rae8 19. Rf1 Qc8 20. Kh2 Rf4 21. Ngf5 Nxf5 22. exf5 Bxf5 23. Bxf4 exf4 24. Qf3 Be6 25. Kg1 {Omelja,A (2444)-Holt,C (2540) chess.com INT 2024 ½-½ (54)}) ({RR} 10... Bd7 11. c3 d4 12. c4 a5 13. Nf1 e5 14. N1h2 Nd8 15. h5 Nf7 16. g4 h6 17. Nh4 Ng5 18. Nf5 Bxf5 19. gxf5 Rfe8 20. Nf3 Reb8 21. a4 Nc6 22. Kh1 Qf7 23. Nh4 Ne7 24. Rg1 Kf8 25. Qg4 {Bachus,S-Allig,D Germany 2005 ½-½ (34)}) 11. h5 d4 12. e5 fxe5 13. h6 Nd5 14. Ne4 Bd7 15. hxg7 Kxg7 16. Qd2 Be7 17. Qh6+ Kh8 18. Nfg5 Bxg5 19. Nxg5 Nf6 20. Be4 Qd8 21. Nxh7 Kg8 22. Qg6+ 1-0

[Event "Wch Rapid"]
[Site "Riadh"]
[Date "2017.12.26"]
[Round "3"]
[White "Petrosian, Tigran L"]
[Black "Kovalev, Vladislav"]
[Result "1-0"]
[WhiteElo "2601"]
[BlackElo "2639"]
[PlyCount "123"]
[EventDate "2017.12.26"]
[EventType "swiss (rapid)"]
[EventRounds "15"]
[EventCountry "SAU"]
[SourceTitle "CBM 182 Extra"]
[Source "ChessBase"]
[SourceDate "2018.02.23"]
[SourceVersion "1"]
[SourceVersionDate "2018.02.23"]
[SourceQuality "1"]

1. Nf3 Nf6 2. g3 g6 3. Bg2 Bg7 4. O-O O-O 5. d3 d5 6. Nbd2 Nc6 7. e4 e5 8. c3 a5 9. a4 b6 10. Re1 Bb7 11. exd5 Nxd5 12. Nc4 Re8 13. Qb3 h6 14. Bd2 Qd7 15. Rad1 Kh7 $146 ({RR} 15... Rad8 16. Bc1 Kh7 17. h4 Qf5 18. Nh2 Nf6 19. Ne3 Qe6 20. Qxe6 Rxe6 21. Nc4 Nd5 22. h5 gxh5 23. Be4+ Kg8 24. Nf3 Nf6 25. Bf5 Ree8 26. Nfxe5 Nxe5 27. Nxe5 Nd5 28. d4 c5 29. f4 cxd4 30. Rxd4 {Valkesalmi,K (2410)-Normantas,V Joensuu 1989 ½-½ (48)}) 16. Re4 Rad8 17. Rh4 f6 18. Re4 Nde7 19. Ree1 Nf5 20. Bc1 Ba8 21. h4 h5 22. Qc2 Qf7 23. b3 Kg8 24. Ba3 Nce7 25. Re2 Nd5 26. Rde1 Bb7 27. Nfd2 Ba8 28. Ne4 Rd7 29. d4 exd4 30. Nxf6+ Nxf6 31. Rxe8+ Nxe8 32. Bxa8 dxc3 33. Ne5 Bxe5 34. Rxe5 Ne3 35. Qe2 Rd1+ 36. Qxd1 Nxd1 37. Bd5 Nf6 38. Bxf7+ Kxf7 39. Re1 Nb2 40. Re7+ Kg8 41. Rxc7 Nd5 42. Rxc3 Nxc3 43. Bxb2 Ne4 44. Bd4 Nd2 45. Bxb6 Nxb3 46. Kf1 Nd2+ 47. Ke2 Nc4 48. Bd4 Kf7 49. Kd3 Nd6 50. Bb6 Nb7 51. Kc4 Ke6 52. Kb5 Kd5 53. Bc7 Nc5 54. Bxa5 Ne4 55. Be1 Kd6 56. Kb6 Kd7 57. a5 Kc8 58. Kc6 g5 59. Kd5 Nf6+ 60. Ke6 gxh4 61. gxh4 Ng4 62. f4 1-0

[Event "Wch Rapid"]
[Site "Riadh"]
[Date "2017.12.26"]
[Round "4"]
[White "Amin, Bassem"]
[Black "Sanal, Vahap"]
[Result "1-0"]
[WhiteElo "2689"]
[BlackElo "2551"]
[PlyCount "49"]
[EventDate "2017.12.26"]
[EventType "swiss (rapid)"]
[EventRounds "15"]
[EventCountry "SAU"]
[SourceTitle "CBM 182 Extra"]
[Source "ChessBase"]
[SourceDate "2018.02.23"]
[SourceVersion "1"]
[SourceVersionDate "2018.02.23"]
[SourceQuality "1"]

1. Nf3 Nf6 2. g3 e6 3. Bg2 b6 4. O-O Bb7 5. d3 d5 6. Nbd2 Be7 7. e4 O-O 8. e5 Nfd7 9. Re1 ({RR} 9. d4 c5 10. c3 Nc6 11. Re1 Rc8 12. a3 Ba6 13. Nf1 Bxf1 14. Bxf1 c4 15. Nd2 b5 16. f4 g6 17. g4 Qa5 18. f5 Bh4 19. Re3 gxf5 20. gxf5 Kh8 21. Qh5 Rg8+ 22. Bg2 Bg5 23. Rh3 Nf8 {Lugo Matos,R (2108)-Gonzalez Bolivar,J (1954) Medellin COL 2025 1-0 (40)}) 9... a5 ({RR} 9... c5 10. Nf1 d4 11. h4 Qc8 12. h5 Bd5 13. c4 dxc3 14. bxc3 Qb7 15. a4 Na6 16. Ne3 Bc6 17. Nc4 Nc7 18. h6 g6 19. Nd6 Bxd6 20. exd6 Nd5 21. Bb2 Rfe8 22. Qd2 f6 23. a5 b5 24. a6 {Hansen,E (2606)-Bryakin,M (2499) Chess.com INT 2021 1-0 (32)}) 10. h4 $146 ({RR} 10. Nf1 Nc5 11. h4 Nbd7 12. Ng5 h6 13. Nh3 Re8 14. Nh2 f5 15. Nf4 Nf8 16. h5 Bg5 17. Qe2 Qd7 18. Nf3 Bd8 19. Bd2 Qf7 20. Kh2 Be7 21. Rh1 Rad8 22. Nd4 Bg5 23. Bf3 Ncd7 24. Rag1 Nb8 {Boeller,G-Theil,R Germany 1994 ½-½ (51)}) 10... Nc6 11. Nf1 a4 12. a3 Na5 13. N1h2 c5 14. Bf4 b5 15. Ng5 Qb6 16. Qh5 h6 17. Ng4 hxg5 18. hxg5 Rfc8 19. Bf3 Nf8 20. Kg2 Ng6 21. Rh1 Bd8 22. Nf6+ Kf8 23. Qh8+ Nxh8 24. Rxh8+ Ke7 25. Re8# 1-0